00428pab a2200145 454500008004000000100002000040245008200060260000900142300001300151362001200164650001900176650002800195650001600223773004300239180718b2004 xxu||||| |||| 00| 0 eng d aPrasad, Jagdish aLand reforms: an introspective view in the context of economic liberalization c2004 ap.76-82. aJan-Jun aLiberalization aEconomic liberalization aLand reform aJournal of Social and Economic Studies